<?xml version="1.0" encoding="UTF-8"?>
<record
    xmlns:xsi="http://www.w3.org/2001/XMLSchema-instance"
    xsi:schemaLocation="http://www.loc.gov/MARC21/slim http://www.loc.gov/standards/marcxml/schema/MARC21slim.xsd"
    xmlns="http://www.loc.gov/MARC21/slim">

  <leader>02083nam a2200289Ia 4500</leader>
  <controlfield tag="001">H9285</controlfield>
  <controlfield tag="003">IT-RoPAU</controlfield>
  <controlfield tag="008">130308s9999    xx            000 0 und d</controlfield>
  <datafield tag="040" ind1=" " ind2=" ">
    <subfield code="a">IT-RoPAU</subfield>
  </datafield>
  <datafield tag="040" ind1=" " ind2=" ">
    <subfield code="c">IT-RoPAU</subfield>
  </datafield>
  <datafield tag="041" ind1=" " ind2=" ">
    <subfield code="a">ITALIANO</subfield>
  </datafield>
  <datafield tag="100" ind1=" " ind2=" ">
    <subfield code="a">Bauer Hermann</subfield>
  </datafield>
  <datafield tag="100" ind1=" " ind2=" ">
    <subfield code="g">Codice Aut. SPICS: 59705</subfield>
  </datafield>
  <datafield tag="245" ind1=" " ind2=" ">
    <subfield code="a">Alte Pinakothek, Monaco</subfield>
  </datafield>
  <datafield tag="245" ind1=" " ind2=" ">
    <subfield code="b">Alte Pinakothek, Monaco</subfield>
  </datafield>
  <datafield tag="250" ind1=" " ind2=" ">
    <subfield code="a">1a ed.</subfield>
  </datafield>
  <datafield tag="260" ind1=" " ind2=" ">
    <subfield code="a">NOVARA</subfield>
  </datafield>
  <datafield tag="260" ind1=" " ind2=" ">
    <subfield code="b">De Agostini</subfield>
  </datafield>
  <datafield tag="260" ind1=" " ind2=" ">
    <subfield code="c">1966 [1&#xB0; Ed.:1966 - Ed.Ling.Originale:1966]</subfield>
  </datafield>
  <datafield tag="300" ind1=" " ind2=" ">
    <subfield code="a">"162 p. (prefazione: no ; testo: 162 [pagine: 0-0])"</subfield>
  </datafield>
  <datafield tag="500" ind1=" " ind2=" ">
    <subfield code="a">"Vengono Prese in Considerazione le Opere dei Seguenti Artisti: Aachen Hans; Altdorfer Albrecht; Amberger Christoph; Andrea del Sarto; Antonello da Messina; Baldassarre Estense; Baldung Hans Detto Grien; barbari Jacopo; Beatoangelico; Ghirlandaio; Bloemaert Abraham; Bol Ferdinand; Borch Gerard; Botticelli; Boucher Francois; Bouts Dieric Il Giovane; Bouts Dieric Il Vecchio; Brueghel Jan Il Vecchio; Brueghel Pieter Il Vecchio; Burgkmair Hans; Champaigne Philippe; Chardin Jean Baptiste Simeon; cima da Conegliano; Cranach Lucasi Il giovane e Il Vecchio; Dalem Cornelis; Durer Albrecht; Van Dyck Anthonis; Elsheimer Adam; Gellee Claude Detto Lorenese; Giorgione; Gothard Neithardt Mathis Detto Grunewald; Goya Francisco; El Greco; Holbein Hans Il Vecchio; maestro della Vita di Maria; Memling Hans; Murillo Bartolome' Esteban; Pacher Michael; Poussin Nicolas; Raffaello Sanzio; Rembrandt Harmensz; Tintoretto; Rubens Pietro Paolo; Tiepolo Giovan Battista; Tintoretto; Tiziano Vecellio; Perugino; Velazquez Diego; Weiden Rogier; Fra Filippo Lippi; Guardi Francesco; Hals Frans; Huber Wolf; Ignoto Senese; Jordaens Jacob; Keywillem; Leonardo da Vinci; Leyden Lucas; Liss Johann; Lochner Stephan; Lotto Lorenzo; Mor Anthonie; Muelich Hans; Pleydenwurff Hans; Post Franz Jansz; Roymerswaele Marinus; Ruisdael Jacob; Ruisdael Salomon; Signorelli Luca; S"</subfield>
  </datafield>
  <datafield tag="650" ind1=" " ind2=" ">
    <subfield code="a">STORIA DELLE ARTI VISIVE</subfield>
  </datafield>
  <datafield tag="650" ind1=" " ind2=" ">
    <subfield code="e">Codice materia Spics: 5008</subfield>
  </datafield>
  <datafield tag="942" ind1=" " ind2=" ">
    <subfield code="c">BK</subfield>
  </datafield>
  <datafield tag="957" ind1=" " ind2=" ">
    <subfield code="7">1</subfield>
  </datafield>
  <datafield tag="999" ind1=" " ind2=" ">
    <subfield code="c">90434</subfield>
    <subfield code="d">90434</subfield>
  </datafield>
  <datafield tag="999" ind1=" " ind2=" ">
    <subfield code="g">1</subfield>
  </datafield>
  <datafield tag="952" ind1=" " ind2=" ">
    <subfield code="0">0</subfield>
    <subfield code="1">0</subfield>
    <subfield code="4">0</subfield>
    <subfield code="6">H_000000000000000_9285</subfield>
    <subfield code="7">1</subfield>
    <subfield code="a">SPICS</subfield>
    <subfield code="b">SPICS</subfield>
    <subfield code="d">2013-03-08</subfield>
    <subfield code="l">0</subfield>
    <subfield code="o">H9285</subfield>
    <subfield code="r">2013-03-08 00:00:00</subfield>
    <subfield code="w">2013-03-08</subfield>
    <subfield code="y">BK</subfield>
    <subfield code="z">Progressivo inserimento:  21447 /  N. Volumi: 1 Copie: 1  / data import: 1 marzo 2013 - By Epidotti, Trombetti, Vaglietti. </subfield>
  </datafield>
</record>
